[Event "XIV Torneio Int. da Figueira da Foz"]
[Site "Figueira da Foz POR"]
[Date "2020.10.24"]
[Round "1.1"]
[White "Grigoryan, Karen H"]
[Black "Fernandes, João Pedro"]
[Result "1-0"]
[WhiteElo "2658"]
[BlackElo "2084"]
[WhiteFideId "13301004"]
[BlackFideId "1926624"]
[WhiteTitle "GM"]
[WhiteCountry "ARM"]
[BlackCountry "POR"]
[PlyCount "67"]
[EventDate "2020.??.??"]

1. e4 c5 2. Nf3 d6 3. d4 cxd4 4. Qxd4 a6 5. Bc4 Nc6 6. Qd3 Nf6 7. Nc3 e6 8. Bf4
h6 9. O-O-O e5 10. Be3 Be7 11. h3 b5 12. Bb3 Bb7 13. Nh4 b4 14. Nd5 Nxd5 15.
Qxd5 O-O 16. Nf5 a5 17. Ba4 Rc8 18. f3 Bg5 19. Bxg5 Qxg5+ 20. Qd2 Rc7 21. Qxg5
hxg5 22. Rxd6 Rfc8 23. Rhd1 g6 24. Bxc6 Bxc6 25. Rxc6 Rxc6 26. Ne7+ Kg7 27. Nxc8
Rxc8 28. Rd5 a4 29. Rb5 Rc4 30. b3 axb3 31. axb3 Rd4 32. Rxe5 Kf6 33. Rd5 Rxd5
34. exd5 1-0

[Event "XIV Torneio Int. da Figueira da Foz"]
[Site "Figueira da Foz POR"]
[Date "2020.10.24"]
[Round "1.2"]
[White "Guerreiro, Nuno"]
[Black "Janik, Igor"]
[Result "0-1"]
[WhiteElo "2079"]
[BlackElo "2489"]
[WhiteFideId "1903012"]
[BlackFideId "1159259"]
[BlackTitle "IM"]
[WhiteCountry "POR"]
[BlackCountry "POL"]
[PlyCount "74"]
[EventDate "2020.??.??"]

1. Nf3 Nf6 2. c4 e6 3. g3 d5 4. Bg2 dxc4 5. Qa4+ Nbd7 6. O-O a6 7. Qxc4 b5 8.
Qc2 Bb7 9. d3 c5 10. Nc3 Rc8 11. Bd2 Be7 12. Rfc1 O-O 13. Qd1 Nb6 14. Qf1 c4 15.
Ne1 Bxg2 16. Qxg2 b4 17. Nd1 Nfd5 18. Rc2 cxd3 19. exd3 Qd7 20. Rac1 Bf6 21. Ne3
Rxc2 22. Rxc2 Rc8 23. Nc4 Na4 24. b3 Nac3 25. Nf3 Rd8 26. Bg5 Qa7 27. Bxf6 gxf6
28. Qh3 a5 29. Qg4+ Kh8 30. Qh5 a4 31. h4 axb3 32. axb3 Rg8 33. Kh2 Rg6 34. Ng1
Nb5 35. Ne3 Nxe3 36. Rc8+ Kg7 37. Qxb5 Ng4+ 0-1

[Event "XIV Torneio Int. da Figueira da Foz"]
[Site "Figueira da Foz POR"]
[Date "2020.10.24"]
[Round "1.3"]
[White "Batsiashvili, Nino"]
[Black "Varela La Madrid, Tilsia"]
[Result "1-0"]
[WhiteElo "2467"]
[BlackElo "2060"]
[WhiteFideId "13602993"]
[BlackFideId "3903001"]
[WhiteTitle "GM"]
[BlackTitle "WIM"]
[WhiteCountry "GEO"]
[BlackCountry "VEN"]
[PlyCount "89"]
[EventDate "2020.??.??"]

1. d4 Nf6 2. c4 c6 3. Nf3 d5 4. g3 e6 5. Bg2 dxc4 6. Ne5 Be7 7. O-O Nbd7 8. Nxc4
c5 9. dxc5 Nxc5 10. Qxd8+ Bxd8 11. Nd6+ Ke7 12. b4 Kxd6 13. bxc5+ Ke7 14. Nc3
Ba5 15. Ba3 Bxc3 16. c6+ Kd8 17. cxb7 Bxb7 18. Bxb7 Bxa1 19. Bxa8 Bd4 20. Bf3
Bb6 21. Rd1+ Kc8 22. Rc1+ Kd8 23. Bb4 h5 24. h3 e5 25. Bc6 Rh6 26. a4 a5 27. Ba3
Rg6 28. Kf1 e4 29. e3 Rg5 30. Rc4 Re5 31. Ke2 h4 32. g4 Ba7 33. Bb7 Bb6 34. Rc8+
Kd7 35. Rf8 Kc7 36. Rxf7+ Nd7 37. Rxg7 Kxb7 38. Rxd7+ Kc6 39. Rd6+ Kb7 40. Rh6
Bd8 41. Rh5 Re6 42. Rb5+ Kc6 43. Bb2 Rd6 44. Bc3 Rd3 45. Bxa5 1-0

[Event "XIV Torneio Int. da Figueira da Foz"]
[Site "Figueira da Foz POR"]
[Date "2020.10.24"]
[Round "1.4"]
[White "Silva, Pedro Gil"]
[Black "Stella, Andrea"]
[Result "0-1"]
[WhiteElo "2034"]
[BlackElo "2457"]
[WhiteFideId "1946102"]
[BlackFideId "827061"]
[BlackTitle "GM"]
[WhiteCountry "POR"]
[BlackCountry "ITA"]
[PlyCount "100"]
[EventDate "2020.??.??"]

1. e4 e6 2. d4 d5 3. Bd3 dxe4 4. Bxe4 Nf6 5. Bf3 c5 6. Ne2 Nc6 7. Be3 cxd4 8.
Nxd4 Ne5 9. Nc3 Bb4 10. Ndb5 Bd7 11. a3 Bxc3+ 12. Nxc3 Bc6 13. Bxc6+ Nxc6 14.
O-O O-O 15. Bg5 h6 16. Bh4 Qd4 17. Qxd4 Nxd4 18. Bxf6 gxf6 19. Rfd1 Rfd8 20.
Rac1 Kf8 21. Kf1 Ke7 22. Rd3 Rac8 23. Rh3 Nf5 24. g4 Nd6 25. Rxh6 Rg8 26. h3 Nc4
27. Re1 Rgd8 28. Rh5 Nxb2 29. Nd5+ Kd6 30. Nxf6 Rxc2 31. Re2 Rxe2 32. Kxe2 Ke7
33. Ne4 b6 34. Rb5 Nc4 35. a4 Rd4 36. f3 Na3 37. Rb3 Rxa4 38. Nc3 Ra5 39. h4 Nc4
40. Rb4 Nd6 41. h5 Rc5 42. Kd3 Kf6 43. Rd4 Rxc3+ 44. Kxc3 Nb5+ 45. Kd3 Nxd4 46.
Kxd4 a5 47. f4 a4 48. Kc4 b5+ 49. Kb4 Kg7 50. g5 f6 0-1

[Event "XIV Torneio Int. da Figueira da Foz"]
[Site "Figueira da Foz POR"]
[Date "2020.10.24"]
[Round "1.5"]
[White "Martín Duque, Jesus"]
[Black "Torres Dominguez, David"]
[Result "1/2-1/2"]
[WhiteElo "2426"]
[BlackElo "2029"]
[WhiteFideId "2208954"]
[BlackFideId "2220857"]
[WhiteTitle "IM"]
[WhiteCountry "ESP"]
[BlackCountry "ESP"]
[PlyCount "115"]
[EventDate "2020.??.??"]

1. e4 e5 2. Nf3 Nc6 3. Bc4 Bc5 4. d3 Nf6 5. O-O d6 6. c3 a6 7. a4 Ba7 8. Nbd2
Ne7 9. Re1 O-O 10. Nf1 c6 11. Bb3 Ng6 12. h3 h6 13. d4 exd4 14. cxd4 d5 15. exd5
Nxd5 16. Ng3 Nh4 17. Ne5 Nf5 18. Nxf5 Bxf5 19. a5 Re8 20. Be3 Bb8 21. Qh5 Bxe5
22. dxe5 Bg6 23. Qd1 Rxe5 24. Bd4 Rxe1+ 25. Qxe1 Qg5 26. Qe5 Qxe5 27. Bxe5 Re8
28. Bd4 Re4 29. Rd1 Nf4 30. Kh2 Ne6 31. Bc3 Nc5 32. Rd8+ Kh7 33. Bd1 Re7 34. Bg4
f5 35. Bf3 Rd7 36. Rb8 Na4 37. Be5 Nc5 38. Be2 Rd2 39. Bc4 Nd7 40. Bc3 Nxb8 41.
Bxd2 Be8 42. Be6 Bd7 43. Bf7 c5 44. h4 g6 45. Kg3 Nc6 46. Bd5 Kg7 47. Bc3+ Kf8
48. Kf4 Ke7 49. Bg7 Nxa5 50. Bxh6 Be6 51. Bxe6 Kxe6 52. Kg5 Kf7 53. h5 gxh5 54.
Kxf5 Nc4 55. Bc1 b5 56. f4 Na5 57. Ke5 Nb3 58. Be3 1/2-1/2

[Event "XIV Torneio Int. da Figueira da Foz"]
[Site "Figueira da Foz POR"]
[Date "2020.10.24"]
[Round "1.6"]
[White "Pipiras, Filipa"]
[Black "Alshameary Puente, Ismael"]
[Result "1/2-1/2"]
[WhiteElo "1912"]
[BlackElo "2373"]
[WhiteFideId "1944894"]
[BlackFideId "2225166"]
[BlackTitle "IM"]
[WhiteCountry "POR"]
[BlackCountry "ESP"]
[PlyCount "158"]
[EventDate "2020.??.??"]

1. d4 Nf6 2. Nf3 d5 3. c4 e6 4. Nc3 a6 5. cxd5 exd5 6. Bg5 Be6 7. e3 Nbd7 8. Bd3
Bd6 9. a3 h6 10. Bf4 Qe7 11. O-O O-O 12. h3 c6 13. Ne5 Rfd8 14. Qe2 Rac8 15.
Rac1 Bb8 16. Nxd7 Bxd7 17. Bxb8 Rxb8 18. b4 Ne4 19. Nxe4 dxe4 20. Bc4 Re8 21.
Rce1 b5 22. Ba2 a5 23. f3 Be6 24. Bxe6 Qxe6 25. fxe4 axb4 26. axb4 Qxe4 27. Qf3
Qe6 28. Rc1 Rb6 29. Rc3 Ra6 30. Rfc1 Ra4 31. Rxc6 Qxe3+ 32. Qxe3 Rxe3 33. Rc8+
Kh7 34. R8c7 Rxb4 35. Rxf7 Rxd4 36. Kf2 Re5 37. Rc2 Rd6 38. Rb7 h5 39. h4 Rf6+
40. Kg3 Rd5 41. Kh2 Rf4 42. Rb2 Rxh4+ 43. Kg1 Rd1+ 44. Kf2 Rf4+ 45. Kg3 Rg4+ 46.
Kh2 Kh6 47. R7xb5 Rh4+ 48. Kg3 Rhh1 49. R5b4 Rd3+ 50. Kf2 h4 51. Rg4 Rd6 52. Rb8
Rf6+ 53. Ke2 Kh7 54. Rbb4 h3 55. Rh4+ Rh6 56. Rxh6+ Kxh6 57. gxh3 Rxh3 58. Kf2
Kh5 59. Kg2 Ra3 60. Rb2 Rd3 61. Ra2 Kg4 62. Ra4+ Kf5 63. Ra5+ Kf4 64. Ra4+ Ke5
65. Ra5+ Rd5 66. Rxd5+ Kxd5 67. Kf3 Ke6 68. Kg4 Kf6 69. Kf4 g5+ 70. Kg4 Kg6 71.
Kg3 Kf5 72. Kf3 g4+ 73. Kg3 Kg5 74. Kg2 Kf4 75. Kf2 g3+ 76. Kg2 Kg4 77. Kg1 Kh3
78. Kh1 g2+ 79. Kg1 Kg3 1/2-1/2

[Event "XIV Torneio Int. da Figueira da Foz"]
[Site "Figueira da Foz POR"]
[Date "2020.10.24"]
[Round "1.7"]
[White "Taboas Rodriguez, Daniel"]
[Black "Silva, Mariana"]
[Result "1-0"]
[WhiteElo "2365"]
[BlackElo "1885"]
[WhiteFideId "2208466"]
[BlackFideId "1911899"]
[WhiteTitle "FM"]
[BlackTitle "WCM"]
[WhiteCountry "ESP"]
[BlackCountry "POR"]
[PlyCount "91"]
[EventDate "2020.??.??"]

1. d4 Nf6 2. Nf3 g6 3. c4 c5 4. d5 b5 5. cxb5 a6 6. b6 Qxb6 7. Nc3 d6 8. Nd2 Bg7
9. e4 O-O 10. a4 Nbd7 11. a5 Qa7 12. Nc4 Rb8 13. Be2 Ne8 14. O-O Nc7 15. Na3 Nf6
16. Rb1 Bd7 17. Be3 Qb7 18. Qd2 Qb4 19. Nc4 Nb5 20. f3 Nd4 21. Bd3 Nb3 22. Qe2
Rfd8 23. Kh1 Ne8 24. Bg5 f6 25. Be3 Nc7 26. Na2 Qa4 27. Nc1 Nd4 28. Bxd4 cxd4
29. b3 Qb4 30. Na2 Qb7 31. Nb6 Be8 32. Rfc1 Nb5 33. Qd2 Kh8 34. Bxb5 Bxb5 35.
Nb4 Rf8 36. Nc6 Rbe8 37. Nxd4 f5 38. Ne6 Be5 39. Nxf8 Rxf8 40. exf5 Rxf5 41.
Rc8+ Kg7 42. Rbc1 Bf4 43. Qd4+ e5 44. dxe6+ Be5 45. R1c7+ Kf6 46. Qh4+ 1-0

[Event "XIV Torneio Int. da Figueira da Foz"]
[Site "Figueira da Foz POR"]
[Date "2020.10.24"]
[Round "1.8"]
[White "Morais, Mario M F"]
[Black "Djuric, Stefan"]
[Result "0-1"]
[WhiteElo "1808"]
[BlackElo "2358"]
[WhiteFideId "1959506"]
[BlackFideId "900133"]
[BlackTitle "GM"]
[WhiteCountry "POR"]
[BlackCountry "SRB"]
[PlyCount "128"]
[EventDate "2020.??.??"]

1. d4 Nf6 2. Nf3 d5 3. Bf4 c6 4. e3 Qb6 5. Qc1 Bf5 6. Nbd2 e6 7. Be2 h6 8. a4 a5
9. h3 Na6 10. Ne5 Nb4 11. Nd3 Nxd3+ 12. Bxd3 Bxd3 13. cxd3 Be7 14. O-O O-O 15.
Nf3 Rfc8 16. Qd2 Nd7 17. Rfc1 Qd8 18. Ne5 Nf8 19. Qd1 f6 20. Nf3 Ng6 21. Bg3 Qd7
22. h4 Bb4 23. Nh2 Qf7 24. Qh5 Rf8 25. Rc2 Rae8 26. f4 Ne7 27. Qxf7+ Kxf7 28.
Bf2 h5 29. e4 Rd8 30. Nf3 Ra8 31. g3 Ng8 32. Be1 Be7 33. Rb1 Rfe8 34. Nd2 Nh6
35. Nb3 Bd8 36. Kf1 Ng4 37. Ke2 g5 38. Kf3 gxf4 39. gxf4 f5 40. Nc5 Ra7 41. Nd7
Ke7 42. Ne5 Bb6 43. Bc3 Nxe5+ 44. fxe5 fxe4+ 45. dxe4 Rg8 46. exd5 exd5 47. b4
axb4 48. Bxb4+ Ke6 49. Bc5 Bxc5 50. Rxc5 Rg4 51. Rb4 Rxh4 52. a5 Kf5 53. Ra4
Rh3+ 54. Kg2 Rd3 55. Rc2 Ke4 56. Re2+ Re3 57. Rf2 b5 58. Rb4 Rxa5 59. e6 Ra7 60.
Rc2 Rg7+ 61. Kf1 Rf3+ 62. Rf2 Rxf2+ 63. Kxf2 Re7 64. Rb1 Rxe6 0-1

[Event "XIV Torneio Int. da Figueira da Foz"]
[Site "Figueira da Foz POR"]
[Date "2020.10.24"]
[Round "1.9"]
[White "Löffner, Stefan"]
[Black "Navarro Martínez, Victor"]
[Result "0-1"]
[WhiteElo "2352"]
[BlackElo "1732"]
[WhiteFideId "4603257"]
[BlackFideId "54509963"]
[WhiteTitle "IM"]
[WhiteCountry "GER"]
[BlackCountry "ESP"]
[PlyCount "83"]
[EventDate "2020.??.??"]

1. e4 c5 2. f4 d5 3. exd5 Nf6 4. Bb5+ Nbd7 5. c4 a6 6. Bxd7+ Qxd7 7. Nf3 Qg4 8.
O-O Qxf4 9. d4 Qc7 10. b4 cxd4 11. Qxd4 e6 12. Bf4 Bd6 13. Bxd6 Qxd6 14. Nc3
Qxb4 15. Ng5 h6 16. Nge4 Nxe4 17. Qxg7 Qxc3 18. Qxf7+ Kd8 19. Rad1 Qe5 20. dxe6+
Nd6 21. c5 Qxc5+ 22. Kh1 Qe5 23. Rf6 Qe1+ 24. Rf1 Qxe6 25. Qf4 Kc7 26. Rfe1 Qd7
27. Qf6 Rh7 28. Rd3 Rf7 29. Qg6 Qe6 30. Qg3 Qf6 31. h3 Bd7 32. Red1 Qf4 33. Qe1
Ne4 34. Rf3 Ng3+ 35. Rxg3 Bc6 36. Rg6 Raf8 37. Qa5+ Kb8 38. Qc5 Qe4 39. Kh2 Qf4+
40. Kh1 Qe4 41. Rg4 Qe7 42. Qb6 0-1

[Event "XIV Torneio Int. da Figueira da Foz"]
[Site "Figueira da Foz POR"]
[Date "2020.10.24"]
[Round "1.10"]
[White "Movsisyan, Tigran"]
[Black "Dias, Paulo"]
[Result "0-1"]
[WhiteElo "1730"]
[BlackElo "2338"]
[WhiteFideId "24581364"]
[BlackFideId "1900803"]
[BlackTitle "IM"]
[WhiteCountry "ESP"]
[BlackCountry "POR"]
[PlyCount "76"]
[EventDate "2020.??.??"]

1. e4 e5 2. Nf3 Nc6 3. d4 exd4 4. Nxd4 Nf6 5. Nc3 Bb4 6. Nxc6 bxc6 7. Bd3 d5 8.
O-O Bxc3 9. bxc3 dxe4 10. Qe2 O-O 11. Bxe4 Re8 12. Bg5 Bf5 13. f3 Qd6 14. Qf2
Bxe4 15. fxe4 Nxe4 16. Qxf7+ Kh8 17. Rae1 Rf8 18. Qe7 Rxf1+ 19. Rxf1 Qxe7 20.
Bxe7 Nxc3 21. Bb4 Nxa2 22. Ba5 c5 23. Bxc7 Kg8 24. Rd1 Re8 25. Ra1 Nb4 26. Rxa7
Nxc2 27. Ba5 Nd4 28. Rc7 Re5 29. Bb6 Ne6 30. Re7 c4 31. Bd4 Kf8 32. Rxg7 Nxd4
33. Rc7 Re1+ 34. Kf2 Re2+ 35. Kf1 Rc2 36. h4 c3 37. g4 Rc1+ 38. Kg2 c2 0-1

[Event "XIV Torneio Int. da Figueira da Foz"]
[Site "Figueira da Foz POR"]
[Date "2020.10.24"]
[Round "1.11"]
[White "Antolak, Julia"]
[Black "Soares, Sara"]
[Result "1-0"]
[WhiteElo "2313"]
[BlackElo "1654"]
[WhiteFideId "1159569"]
[BlackFideId "1948172"]
[WhiteTitle "WIM"]
[WhiteCountry "POL"]
[BlackCountry "POR"]
[PlyCount "53"]
[EventDate "2020.??.??"]

1. e4 c5 2. Nf3 g6 3. d4 cxd4 4. Nxd4 Nc6 5. Nc3 Bg7 6. Be3 Nf6 7. Bc4 Qa5 8.
O-O O-O 9. Bb3 d6 10. h3 Bd7 11. Re1 Nxd4 12. Bxd4 Bc6 13. Nd5 Bxd5 14. exd5
Rfe8 15. Qf3 Rac8 16. Re3 a6 17. Rae1 Qd8 18. c3 Nd7 19. Bxg7 Kxg7 20. Qe2 Kf8
21. Qd2 Nf6 22. Qd4 Rc5 23. g4 Kg8 24. Qxf6 exf6 25. Rxe8+ Qxe8 26. Rxe8+ Kg7
27. Rd8 1-0

[Event "XIV Torneio Int. da Figueira da Foz"]
[Site "Figueira da Foz POR"]
[Date "2020.10.24"]
[Round "1.12"]
[White "Marçal, Paulo"]
[Black "Cumming, Rhys"]
[Result "0-1"]
[WhiteElo "1652"]
[BlackElo "2299"]
[WhiteFideId "1903837"]
[BlackFideId "470163"]
[BlackTitle "FM"]
[WhiteCountry "POR"]
[BlackCountry "ENG"]
[PlyCount "32"]
[EventDate "2020.??.??"]

1. e4 c5 2. Nf3 Nc6 3. d4 cxd4 4. Nxd4 g6 5. Nc3 Bg7 6. Be3 Nf6 7. Be2 O-O 8.
O-O d5 9. exd5 Nxd5 10. Nxd5 Qxd5 11. c4 Qa5 12. Nxc6 bxc6 13. Bf3 Bf5 14. Qe2
Rab8 15. g4 Rxb2 16. Qe1 Bc3 0-1

[Event "XIV Torneio Int. da Figueira da Foz"]
[Site "Figueira da Foz POR"]
[Date "2020.10.24"]
[Round "1.13"]
[White "Santos, José Gulherme"]
[Black "Fonseca, Pedro"]
[Result "1-0"]
[WhiteElo "2229"]
[BlackElo "1590"]
[WhiteFideId "1939300"]
[BlackFideId "1955624"]
[WhiteCountry "POR"]
[BlackCountry "POR"]
[PlyCount "39"]
[EventDate "2020.??.??"]

1. c4 Nf6 2. Nc3 e5 3. Nf3 Nc6 4. g3 d5 5. cxd5 Nxd5 6. d3 Be7 7. Bg2 Be6 8. O-O
O-O 9. Bd2 f5 10. Qc2 Nxc3 11. Bxc3 Bf6 12. Rfd1 Qe8 13. b4 e4 14. dxe4 fxe4 15.
Nd4 Bxd4 16. Bxd4 Qf7 17. Bc5 Bf5 18. Bxf8 e3 19. Qc5 exf2+ 20. Qxf2 1-0

[Event "XIV Torneio Int. da Figueira da Foz"]
[Site "Figueira da Foz POR"]
[Date "2020.10.24"]
[Round "1.14"]
[White "Dias, José"]
[Black "Garcia Dorado, Alberto"]
[Result "0-1"]
[WhiteElo "1589"]
[BlackElo "2181"]
[WhiteFideId "1923943"]
[BlackFideId "2252244"]
[BlackTitle "CM"]
[WhiteCountry "POR"]
[BlackCountry "ESP"]
[PlyCount "82"]
[EventDate "2020.??.??"]

1. b4 Nf6 2. Bb2 e6 3. b5 b6 4. e3 Bb7 5. Nf3 c5 6. bxc6 Nxc6 7. Be2 Be7 8. O-O
O-O 9. c4 Rc8 10. Nc3 d5 11. cxd5 exd5 12. Nb5 Ne4 13. Rc1 Qd7 14. d3 Nd6 15.
Nc3 Bf6 16. Qd2 Qe6 17. a3 d4 18. Nd1 Rfd8 19. Re1 dxe3 20. Qxe3 Qf5 21. Bxf6
Qxf6 22. Qg5 Qxg5 23. Nxg5 Nd4 24. Nc3 Nb3 25. Rc2 Nb5 26. Bg4 Rxc3 27. Rxc3
Nxc3 28. Re7 Bd5 29. Rxa7 h6 30. Nh3 Nc5 31. Nf4 Bb7 32. d4 Rxd4 33. g3 Nb5 34.
Rxb7 Nxb7 35. Bf3 Nc5 36. Nd5 Nd7 37. Ne7+ Kf8 38. Nf5 Rc4 39. a4 Nd4 40. Nxd4
Rxd4 41. Bc6 Nc5 0-1

[Event "XIV Torneio Int. da Figueira da Foz"]
[Site "Figueira da Foz POR"]
[Date "2020.10.24"]
[Round "1.15"]
[White "Fernandes, Miguel"]
[Black "Silva, José Lucas"]
[Result "1-0"]
[WhiteElo "2139"]
[BlackElo "1336"]
[WhiteFideId "1920456"]
[BlackFideId "1954342"]
[WhiteCountry "POR"]
[BlackCountry "POR"]
[PlyCount "69"]

1. d4 Nf6 2. c4 e6 3. Nf3 d5 4. Nc3 c5 5. e3 Nc6 6. a3 a6 7. cxd5 Nxd5 8. Bd3
cxd4 9. exd4 b5 10. O-O Qb6 11. Re1 Be7 12. Nxd5 exd5 13. Bg5 O-O 14. Bxe7 Nxe7
15. Rxe7 Be6 16. Qd2 a5 17. Rc1 Rfc8 18. Rxc8+ Rxc8 19. h3 Kf8 20. Rxe6 Qxe6 21.
Bxb5 Qb6 22. a4 f6 23. g3 Qe6 24. Kg2 Qb6 25. Qd3 g6 26. h4 Kg7 27. Qe3 Qd6 28.
h5 g5 29. h6+ Kf7 30. Qd3 Kg8 31. Qf5 Rc7 32. Nh2 Rf7 33. Ng4 Kf8 34. Qc8+ Ke7
35. Qe8# 1-0

[Event "XIV Torneio Int. da Figueira da Foz"]
[Site "Figueira da Foz POR"]
[Date "2020.10.24"]
[Round "1.16"]
[White "Fernandes, Rui MFM"]
[Black "Margarido, José"]
[Result "0-1"]
[WhiteElo "1027"]
[BlackElo "2138"]
[WhiteFideId "1963244"]
[BlackFideId "1914227"]
[WhiteCountry "POR"]
[BlackCountry "POR"]
[PlyCount "74"]
[EventDate "2020.??.??"]

1. d4 Nf6 2. c4 e6 3. Nc3 Bb4 4. Qc2 c5 5. Bg5 cxd4 6. a3 Be7 7. Ne4 O-O 8. Nf3
Nc6 9. Nfd2 d5 10. c5 Nxe4 11. Bxe7 Qxe7 12. Nxe4 dxe4 13. Qxe4 Qxc5 14. g3 Qa5+
15. Kd1 e5 16. Rc1 Be6 17. Qd3 e4 18. Qd2 Qf5 19. Qf4 Bb3+ 20. Ke1 Qa5+ 21. Qd2
Qb6 22. Bg2 e3 23. Qd3 Ne5 24. Qe4 exf2+ 25. Kxf2 d3+ 26. e3 d2 27. Qxe5 dxc1=Q
28. Rxc1 Rad8 29. Qc3 Rfe8 30. Re1 Bd5 31. Bxd5 Rxd5 32. Re2 Rf5+ 33. Ke1 Rc5
34. Qd4 Rc1+ 35. Kf2 Qxd4 36. exd4 Rxe2+ 37. Kxe2 Rc2+ 0-1

[Event "XIV Torneio Int. da Figueira da Foz"]
[Site "Figueira da Foz POR"]
[Date "2020.10.25"]
[Round "2.1"]
[White "Garcia Dorado, Alberto"]
[Black "Grigoryan, Karen H"]
[Result "1-0"]
[WhiteElo "2181"]
[BlackElo "2658"]
[WhiteFideId "2252244"]
[BlackFideId "13301004"]
[WhiteTitle "CM"]
[BlackTitle "GM"]
[WhiteCountry "ESP"]
[BlackCountry "ARM"]
[PlyCount "143"]

1. d4 d5 2. c4 Nc6 3. Nc3 Nf6 4. cxd5 Nxd5 5. e4 Nxc3 6. bxc3 e5 7. d5 Nb8 8.
Nf3 Bd6 9. Bd3 O-O 10. O-O Nd7 11. Be3 Qe7 12. Nd2 Nc5 13. Bc2 b6 14. Nc4 Ba6
15. Nxd6 cxd6 16. Re1 Rac8 17. a4 Bc4 18. a5 b5 19. Bc1 Kh8 20. Re3 f6 21. Ba3
Qf7 22. g4 Qg6 23. Kh1 Kg8 24. h3 Kf7 25. Rc1 Rh8 26. Qf3 h5 27. g5 Ke7 28.
gxf6+ Qxf6 29. Qxf6+ gxf6 30. Rg1 Rh7 31. Reg3 Kf7 32. h4 Bb3 33. Bxb3 Nxb3 34.
Bxd6 Nxa5 35. Ra1 Nb7 36. Rxa7 Ke8 37. Bb4 Rcc7 38. Rg8+ Kf7 39. Raa8 Rg7 40.
Rgf8+ Kg6 41. Ra6 Rgf7 42. Rxf7 Kxf7 43. Rc6 Rd7 44. Rb6 Rc7 45. Rxb5 f5 46. d6
Rd7 47. Rxe5 fxe4 48. Rxe4 Nd8 49. Re7+ Rxe7 50. dxe7 Ne6 51. Kg2 Ng7 52. Kg3
Nf5+ 53. Kf4 Nxh4 54. Kg5 Ng2 55. Kxh5 Nf4+ 56. Kg4 Nd5 57. Kf5 Nb6 58. Ke5 Nd7+
59. Kd6 Nf6 60. c4 Ke8 61. f3 Ng8 62. Kc6 Nh6 63. Bd6 Nf5 64. f4 Nd4+ 65. Kd5
Nc2 66. Bc5 Ne1 67. Ke4 Nc2 68. f5 Na1 69. f6 Nb3 70. Bb4 Nc1 71. c5 Ne2 72. c6
1-0

[Event "XIV Torneio Int. da Figueira da Foz"]
[Site "Figueira da Foz POR"]
[Date "2020.10.25"]
[Round "2.2"]
[White "Janik, Igor"]
[Black "Santos, José Gulherme"]
[Result "1/2-1/2"]
[WhiteElo "2489"]
[BlackElo "2229"]
[WhiteFideId "1159259"]
[BlackFideId "1939300"]
[WhiteTitle "IM"]
[WhiteCountry "POL"]
[BlackCountry "POR"]
[PlyCount "77"]

1. d4 Nf6 2. c4 e6 3. Nf3 Bb4+ 4. Nbd2 b6 5. g3 Bb7 6. Bg2 O-O 7. O-O Bxd2 8.
Bxd2 Qc8 9. b4 d6 10. Qb3 Nbd7 11. Rfd1 Re8 12. Rac1 c5 13. Bg5 h6 14. Be3 Ng4
15. Bf4 e5 16. dxe5 dxe5 17. Bd2 e4 18. Nh4 e3 19. Bxe3 Nxe3 20. fxe3 cxb4 21.
Qxb4 Nc5 22. Bxb7 Qxb7 23. Rd5 g6 24. Ng2 Qc7 25. Qb2 Re4 26. Rd4 Qe5 27. Qd2
Re8 28. Rf1 Kg7 29. Rd5 Qe7 30. Qc3+ Kg8 31. Rf4 Na4 32. Qd2 Rxf4 33. gxf4 Nc5
34. Qd4 Ne6 35. Qc3 Nc5 36. Re5 Qd7 37. Rxe8+ Qxe8 38. Qd4 Qe6 39. Qd8+ 1/2-1/2

[Event "XIV Torneio Int. da Figueira da Foz"]
[Site "Figueira da Foz POR"]
[Date "2020.10.25"]
[Round "2.3"]
[White "Margarido, José"]
[Black "Batsiashvili, Nino"]
[Result "0-1"]
[WhiteElo "2138"]
[BlackElo "2467"]
[WhiteFideId "1914227"]
[BlackFideId "13602993"]
[BlackTitle "GM"]
[WhiteCountry "POR"]
[BlackCountry "GEO"]
[PlyCount "98"]

1. d4 Nf6 2. c4 e6 3. Nf3 d5 4. g3 dxc4 5. Bg2 Bb4+ 6. Bd2 a5 7. Qc2 c5 8. Qxc4
Nc6 9. dxc5 Qd5 10. Qxd5 exd5 11. Bxb4 axb4 12. Nbd2 Be6 13. Nb3 Ke7 14. O-O Ra6
15. a3 bxa3 16. Rxa3 Rxa3 17. bxa3 Ra8 18. Ra1 Ra4 19. e3 Ne4 20. Bf1 Na5 21.
Nfd4 Bd7 22. f3 Nc3 23. c6 Nxc6 24. Nc5 Ra7 25. Nxd7 Kxd7 26. Nb5 Nxb5 27. Bxb5
Kd6 28. a4 Ra5 29. Kf2 Na7 30. Bd3 b5 31. Bc2 Nc6 32. Bb3 f5 33. f4 b4 34. Rc1
Rc5 35. Rxc5 Kxc5 36. Ke2 Na5 37. Bc2 g6 38. Kd3 b3 39. Bb1 Kb4 40. Kd4 Nc4 41.
h4 h5 42. a5 Kxa5 43. Bd3 Kb4 44. Kxd5 Nxe3+ 45. Ke5 Kc3 46. Bb1 Nc4+ 47. Kf6
Nd2 48. Kxg6 Nxb1 49. Kxh5 b2 0-1

[Event "XIV Torneio Int. da Figueira da Foz"]
[Site "Figueira da Foz POR"]
[Date "2020.10.25"]
[Round "2.4"]
[White "Stella, Andrea"]
[Black "Fernandes, Miguel"]
[Result "1/2-1/2"]
[WhiteElo "2457"]
[BlackElo "2139"]
[WhiteFideId "827061"]
[BlackFideId "1920456"]
[WhiteTitle "GM"]
[WhiteCountry "ITA"]
[BlackCountry "POR"]
[PlyCount "46"]

1. d4 d5 2. c4 c6 3. Nf3 Nf6 4. Qc2 g6 5. e3 Bf5 6. Qb3 Qb6 7. Nc3 Na6 8. Bd2
Bg7 9. Qxb6 axb6 10. cxd5 Nb4 11. Rc1 Nbxd5 12. Nxd5 Nxd5 13. Bc4 O-O 14. Bxd5
cxd5 15. a3 Rfc8 16. Ke2 Bg4 17. Bb4 e5 18. dxe5 Bxe5 19. b3 Bb2 20. Rxc8+ Rxc8
21. Rd1 Rc2+ 22. Rd2 Bf5 23. Nd4 Bxd4 1/2-1/2

[Event "XIV Torneio Int. da Figueira da Foz"]
[Site "Figueira da Foz POR"]
[Date "2020.10.25"]
[Round "2.5"]
[White "Dantas, Carlos"]
[Black "Taboas Rodriguez, Daniel"]
[Result "0-1"]
[WhiteElo "2126"]
[BlackElo "2365"]
[WhiteFideId "1900757"]
[BlackFideId "2208466"]
[BlackTitle "FM"]
[WhiteCountry "POR"]
[BlackCountry "ESP"]
[PlyCount "78"]

1. d4 Nf6 2. Bg5 Ne4 3. Bf4 d5 4. e3 Bf5 5. Bd3 e6 6. Nd2 Nxd2 7. Qxd2 Bxd3 8.
Qxd3 c5 9. dxc5 Qa5+ 10. c3 Qxc5 11. Nf3 Nc6 12. O-O Be7 13. e4 Rd8 14. Rad1 O-O
15. Rfe1 a6 16. Be3 Qa5 17. a3 dxe4 18. Qxe4 Qb5 19. Qc2 Bf6 20. a4 Qa5 21. Qb3
b5 22. axb5 Qxb5 23. Qxb5 axb5 24. Bc5 Rfe8 25. g3 h5 26. h4 Kh7 27. Kg2 Kg6 28.
Rd6 Rxd6 29. Bxd6 Ra8 30. Bc5 Ra2 31. Rb1 Kf5 32. Ba3 Na5 33. Bb4 Nc4 34. Bc5
Rxb2 35. Rc1 e5 36. Kf1 Kg4 37. Ng1 Nd2+ 38. Kg2 Nb3 39. Ba3 Ra2 0-1

[Event "XIV Torneio Int. da Figueira da Foz"]
[Site "Figueira da Foz POR"]
[Date "2020.10.25"]
[Round "2.6"]
[White "Djuric, Stefan"]
[Black "Tadevosyan, Aspet"]
[Result "1-0"]
[WhiteElo "2358"]
[BlackElo "2136"]
[WhiteFideId "900133"]
[BlackFideId "24526134"]
[WhiteTitle "GM"]
[WhiteCountry "SRB"]
[BlackCountry "ESP"]
[PlyCount "61"]

1. d4 Nf6 2. c4 e6 3. Nc3 Bb4 4. e3 O-O 5. Bd3 d5 6. Nf3 c5 7. O-O cxd4 8. exd4
dxc4 9. Bxc4 b6 10. Bg5 Bb7 11. Rc1 Nbd7 12. a3 Be7 13. Qe2 Re8 14. Rfe1 Rc8 15.
Bb5 Nd5 16. Nxd5 Bxg5 17. Rxc8 Bxc8 18. Nxg5 Qxg5 19. Nc7 Bb7 20. f4 Qd8 21.
Nxe8 Qxe8 22. f5 Bd5 23. Rc1 Qd8 24. Bxd7 Qxd7 25. Qb5 Qd8 26. Qa6 Bc6 27. Qc4
Bb7 28. fxe6 fxe6 29. Qxe6+ Kh8 30. Qe5 Qf8 31. Rf1 1-0